01539nab a22002417a 4500003000400000005001700004008004100021040000700062100002800069245010500097260007300202300001300275500003600288505049300324505012600817505008100943650001801024650002801042650001701070650002901087700003101116773015001147OSt20260219122420.0190429b xxu||||| |||| 00| 0 spa d cPJ aDe Luca, Javier Augusto10aPerspectiva de género en casos de abusos sexuales /cJavier A. De Luca, Florencia B. Canese Millo. cCiudad Autónoma de Buenos Aires :aThomson Reuters La Ley, b2024. ap. 39-52 aCita: TR LALEY AR/DOC/1701/2024 aSumario: I. Introducción.— II. Punto de partida: breve referencia al marco convencional y constitucional aplicable.— III. La debida diligencia reforzada para evitar la revictimización de la mujer víctima de violencia de género durante el proceso penal. Mecanismos procesales pertinentes: la conveniencia de la utilización de la Cámara Gesell.— IV. La debida diligencia reforzada en su matiz del deber de valorar la prueba con perspectiva de género.— V. Conclusiones. aFallo comentado: Trib. Impugnación Penal, Santa Rosa, Sala B ~ 26/04/2024 ~ M. M., C. G. s/ recurso de impugnación. tSi te interesa el texto completo, solicitalo a koha@justierradelfuego.gov.ar 0aDERECHO PENAL 0aPERSPECTIVA DE GÉNERO 0aABUSO SEXUAL 0aAPRECIACION DE LA PRUEBA aCanese Millo, Florencia B.0 02658tRevista de derecho penal y criminología. Nº 8 - Agosto 2024dCiudad Autónoma de Buenos Aires : Thomson Reuters La Ley, 2017-x00347914